Statistics for Countries voting against South Ossetia and Abkhazia being Georgia

Click here to take the quiz!

General Stats

  • This quiz has been taken 141 times
    (120 since last reset)
  • The average score is 6 of 14

Answer Stats

HintAnswer% Correct
9Russia
97%
1Armenia
66%
12Venezuela
59%
2Belarus
54%
6Nauru
50%
11Syria
50%
7Nicaragua
49%
4Cuba
42%
13Vietnam
31%
14Zimbabwe
26%
5Laos
24%
3Burundi
18%
10South Sudan
16%
8Philippines
11%

Score Distribution

Percentile by Number Answered

Percent of People with Each Score

Your Score History

You have not taken this quiz since the last reset